द मैनुअल ऑन एथिक्स, इंटेग्रिटी एंड एप्टीट्यूड: (Record no. 215035)
[ view plain ]
| 000 -LEADER | |
|---|---|
| fixed length control field | 01042nam a22001937a 4500 |
| 005 - DATE AND TIME OF LATEST TRANSACTION | |
| control field | 20260311125245.0 |
| 010 ## - LCCN (DPL NO) | |
| LC control number | BACHN26 |
| 020 ## - INTERNATIONAL STANDARD BOOK NUMBER | |
| International Standard Book Number | 9789370605077 |
| Terms of availability | 599.00 |
| 037 ## - SOURCE OF ACQUISITION | |
| Source of stock number/acquisition | वाइली इंडिया |
| 082 ## - DEWEY DECIMAL CLASSIFICATION NUMBER | |
| Classification number | 170 |
| 100 ## - MAIN ENTRY--PERSONAL NAME | |
| Personal name | गौड़ा ,सृष्टि देशमुख |
| 245 ## - TITLE STATEMENT | |
| Title | द मैनुअल ऑन एथिक्स, इंटेग्रिटी एंड एप्टीट्यूड: |
| Statement of responsibility, etc | सृष्टि देशमुख गौड़ा [और] नागार्जुन बी गौड़ा |
| Remainder of title | नीतिशास्त्र, सत्यनिष्ठा और अभिरुचि / |
| 250 ## - EDITION STATEMENT | |
| Edition statement | 1 |
| 260 ## - PUBLICATION, DISTRIBUTION, ETC. (IMPRINT) | |
| Place of publication, distribution, etc | नई दिल्ली |
| Name of publisher, distributor, etc | वाइली इंडिया |
| Date of publication, distribution, etc | 2025 |
| 270 ## - ADDRESS | |
| Address | 4436/7, Ansari Road, Darya Ganj |
| City | नई दिल्ली |
| 300 ## - PHYSICAL DESCRIPTION | |
| Extent | 401पृ |
| Dimensions | 24सेमी (आजिल्द) |
| 700 ## - ADDED ENTRY--PERSONAL NAME | |
| Personal name | गौड़ा, नागार्जुन बी |
| 9 (RLIN) | 88127 |
| 942 ## - ADDED ENTRY ELEMENTS (KOHA) | |
| Source of classification or shelving scheme | Dewey Decimal Classification |
| Item type | English Books |
| Classification part | 170 |
| Call number suffix | गौड़ासृ |
No items available.
